<?xml version="1.0" encoding="UTF-8"?>
<collection xmlns="http://www.loc.gov/MARC21/slim">
 <record>
  <leader>01239nam a2200205 a 4500</leader>
  <controlfield tag="001">1/34126</controlfield>
  <controlfield tag="008">071218s2003    gr       b    00010 gre d</controlfield>
  <datafield tag="020" ind1=" " ind2=" ">
   <subfield code="a">9600802831</subfield>
  </datafield>
  <datafield tag="035" ind1=" " ind2=" ">
   <subfield code="l">36576</subfield>
  </datafield>
  <datafield tag="040" ind1=" " ind2=" ">
   <subfield code="a">GR-PeUP</subfield>
  </datafield>
  <datafield tag="082" ind1="0" ind2="0">
   <subfield code="a">327.495 ΣΙΟ</subfield>
  </datafield>
  <datafield tag="100" ind1="1" ind2=" ">
   <subfield code="a">Σιούσιουρας, Πέτρος Π.</subfield>
  </datafield>
  <datafield tag="245" ind1="1" ind2="0">
   <subfield code="a">Πτυχές της ελληνικής εξωτερικής πολιτικής στον μεσοπόλεμο :</subfield>
   <subfield code="b">η πολιτική και νομική θεώρηση του πρωτοκόλλου Πολίτη-Καλφώφ και των Παγκαλικών Συμφωνιών /</subfield>
   <subfield code="c">Πέτρος Π. Σιούσουρας ; πρόλογος Θεόδωρου Χριστοδουλίδη.</subfield>
  </datafield>
  <datafield tag="260" ind1="0" ind2=" ">
   <subfield code="a">Αθήνα :</subfield>
   <subfield code="b">Ι. Σιδέρης,</subfield>
   <subfield code="c">2003.</subfield>
  </datafield>
  <datafield tag="300" ind1=" " ind2=" ">
   <subfield code="a">414 σ. ;</subfield>
   <subfield code="b">21 εκ.</subfield>
  </datafield>
  <datafield tag="504" ind1=" " ind2=" ">
   <subfield code="a">Περιέχει βιβλιογραφία.</subfield>
  </datafield>
  <datafield tag="651" ind1=" " ind2="4">
   <subfield code="a">Ελλάδα</subfield>
   <subfield code="x">Εξωτερικές σχέσεις</subfield>
   <subfield code="x">Συνέδρια.</subfield>
  </datafield>
  <datafield tag="651" ind1=" " ind2="4">
   <subfield code="a">Ελλάδα</subfield>
   <subfield code="x">Εξωτερικές σχέσεις</subfield>
   <subfield code="y">Βουλγαρία.</subfield>
  </datafield>
  <datafield tag="651" ind1=" " ind2="4">
   <subfield code="a">Ελλάδα</subfield>
   <subfield code="x">Διεθνείς σχέσεις</subfield>
   <subfield code="y">Γιουγκοσλαβία.</subfield>
  </datafield>
  <datafield tag="852" ind1=" " ind2=" ">
   <subfield code="a">INST</subfield>
   <subfield code="b">UNIPILB</subfield>
   <subfield code="c">MAIN</subfield>
   <subfield code="e">20071218</subfield>
   <subfield code="h">327.495 ΣΙΟ</subfield>
   <subfield code="p">00154599</subfield>
   <subfield code="q">00154599</subfield>
   <subfield code="t">LOAN</subfield>
   <subfield code="y">0</subfield>
   <subfield code="4">1</subfield>
  </datafield>
 </record>
</collection>
